【プロ野球】 2025年 広島東洋カープ 応援歌 - Statistics

General Stats
  • This quiz has been taken 43 times
  • The average score is 17 of 24
Answer Stats
応援歌 選手名 % Correct
光り輝く その道を翔け抜けて 魅せろ 〇〇SHOW TIME! 堂林翔太
97%
赤く燃え上がる 夢見たこの世界で研ぎ澄ませそのセンス 打てよ〇〇 田中広輔
94%
新たな扉を こじ開けて 世代はお前が担え ぶっちぎれ 小園海斗
94%
「アキのチカラ」 見せろ吠えろ放て虹の尾引く打球で 勲章掴むまで 秋山翔吾
94%
今日も会心の一撃 捉えた打球赤い声援背に受け 行こうぜ〇〇 坂倉将吾
94%
始まりの鐘が鳴る 〇〇! 広島伝説 光を追い越して メーター振り切り駆け抜けろ 止まらないぜ 韋駄天!〇〇 菊池涼介
94%
背番号0が グラウンド駆ける〇〇が拓く 光の道 上本崇司
88%
狙い決めた一打 勝利への矢を放て想い込めた打球 雅の道切り拓け 矢野雅哉
85%
いざ大空へ翔ばたけ 熱い想い乗せ 勝利へ導く一打 決めろよ〇〇 會澤翼
85%
俺らと夢を 共に叶えよう〇〇〇〇 Llevenos a la victoria ファビアン
79%
赤い稲妻を 轟かせ 広島揺るがすアーチ 華麗に描け 中村奨成
79%
チームを救う ダイヤモンドのHERO走れ 飛び込め 輝け 〇〇〇〇 羽月隆太郎
76%
沸かせスタンド ジャンボな一打ペナントの遥か先へ ゆけ〇〇 末包昇大
74%
鋭い打球飛ばせ 自慢の俊足見せろ赤い流星のように 走れ〇〇 野間峻祥
68%
闘志を燃やし 鋭く振り抜け さぁかっ飛ばせ さぁ打ちまくれ 我等の〇〇 松山竜平
68%
夢の力を信じて その心で行くぜ〇〇 新たな境地へ 二俣翔一
59%
振らな 何も 始まらないから強気で一か八か フルスイング ピッチャー
59%
放物線で導く 歓喜への道へと征戦向かう自慢の 豊かなパワー 宇草孔基
53%
当たると痛えぞ 〇〇パンチ 解き放てよこの瞬間 エンジン全開さあスパーク いざ満タンフルパワーで 撃て〇〇パンチ 磯村嘉孝
53%
戦う姿を 今日も魅せてくれ広島に優勝(ゆめ)を 運べ〇〇 石原貴規
50%
突き進め 我らを栄光(ひかり)へと導く男の名は そう〇〇〇〇 田村俊介
50%
海を渡ってやって来た みんなの夢を大きく掴もうぜ 遥かなる空に 助っ人外国人テーマ
50%
〇〇! 〇〇! さあ勝利への道 切り拓け 汎用テーマ
41%
頂上突撃〇〇! 命燃やせ〇〇!強く高く 跳ねろ若鯉 跳ねろ若鯉
21%
No matching quizzes found
Score Distribution
Percent of People with Each Score
Percentile by Number Answered
Your Score History
You have not taken this quiz